Statistics for Capitals of Countries that Begin with A

Click here to take the quiz!

General Stats

  • This quiz has been taken 166 times
    (70 since last reset)
  • The average score is 10 of 11

Answer Stats

HintAnswer% Correct
AustraliaCanberra
100%
ArgentinaBuenos Aires
98%
AfghanistanKabul
98%
AustriaVienna
98%
AlgeriaAlgiers
97%
AndorraAndorra la Vella
95%
AzerbaijanBaku
90%
AlbaniaTirana
90%
AngolaLuanda
85%
ArmeniaYerevan
85%
Antigua and BarbudaSt Johns
74%

Score Distribution

Percentile by Number Answered

Percent of People with Each Score

Your Score History

You have not taken this quiz since the last reset